| 000 | 00943nam a22002297a 4500 | ||
|---|---|---|---|
| 008 | 230623s2021 xxk|||||o|||| 00| 0 eng d | ||
| 041 | _aeng | ||
| 110 | _aRoyal Institution of Chartered Surveyors | ||
| 245 |
_aLease extension _bfactsheet _h[Electronic resource] |
||
| 260 |
_aLondon, _bRoyal Institution of Chartered Surveyors, _c2021 |
||
| 300 | _a8p. | ||
| 490 | _aRICS Consumer guide | ||
| 520 | _aThis factsheet provides an outline of the right to extend the lease of a flat in England & Wales under the Leasehold Reform Housing and Urban Development Act 1993. | ||
| 650 | _aLEASEHOLD PROPERTIES | ||
| 650 | _aLEASEHOLD REFORM HOUSING AND URBAN DEVELOPMENT ACT 1993 | ||
| 650 | _aLEASE EXTENSIONS | ||
| 651 | _aEngland | ||
| 651 | _aWales | ||
| 690 |
_96252 _aLandlord and tenant |
||
| 856 |
_uhttps://www.ricsfirms.com/media/1282/rics-lease-extension-guide_2021.pdf _zAvailable on rics.org/consumerguides |
||
| 942 | _n0 | ||
| 999 |
_c121554 _d121554 |
||